FINANCIAL DERIVATIVES AN INTRODUCTION TO (Record no. 257)
[ view plain ]
| 000 -LEADER | |
|---|---|
| fixed length control field | 00349nam a2200133Ia 4500 |
| 008 - FIXED-LENGTH DATA ELEMENTS--GENERAL INFORMATION | |
| fixed length control field | 240624s9999 xx 000 0 und d |
| 041 ## - LANGUAGE CODE | |
| Language code of text/sound track or separate title | eng |
| 082 ## - DEWEY DECIMAL CLASSIFICATION NUMBER | |
| Classification number | 332.6457 RED |
| 100 ## - MAIN ENTRY--PERSONAL NAME | |
| Personal name | REDHEAD KEITH |
| 245 ## - TITLE STATEMENT | |
| Title | FINANCIAL DERIVATIVES AN INTRODUCTION TO |
| 260 ## - PUBLICATION, DISTRIBUTION, ETC. | |
| Date of publication, distribution, etc. | 2003 |
| Place of publication, distribution, etc. | New Delhi |
| Name of publisher, distributor, etc. | Prentice-Hall |
| 300 ## - PHYSICAL DESCRIPTION | |
| Extent | xiv, : 377 : p. : cm. ; 24 |
| 365 ## - TRADE PRICE | |
| Currency code | RS |
| Withdrawn status | Lost status | Damaged status | Not for loan | Home library | Current library | Shelving location | Date acquired | Source of acquisition | Cost, normal purchase price | Total Checkouts | Full call number | Barcode | Date last seen | Date last checked out | Copy number | Price effective from | Koha item type |
|---|---|---|---|---|---|---|---|---|---|---|---|---|---|---|---|---|---|
| IMTN | IMTN | Rack 12-B | 10/12/2004 | JBD | 195.00 | 2 | 332.6457 RED | 257 | 01/16/2025 | 01/06/2025 | 1 | 06/24/2024 | Books |